01521 2200277 4500001002100000005001500021035002000036007000300056008004100059020002200100082001100122084002000133100001500153245011200168250002800280300004200308650002100350700002600371520070000397264004001097336002101137337003001158338002301188990001601211990001601227INLIS00000000116286920230105111423 a0010-0123000036ta230105 g 0 ind  a978-979-9402-59-X a2X4.42 aSR 2X4.42 RUS k0 aRusli Amin1 aKunci sukses membangun keluarga idaman :bpanduan menuju hidup bahagia /cRusli Amin; editor, Ahmad Zubaidi aCetakan kedua, Mei 2016 avii, 172 halaman :bilustrasi ;c21cm 4aKeluarga (islam)0 aAhmad Zubaidieeditor aMewujudkan kehidupan rumah tangga yang bahagia bukanlah melalui proses kebetulan, melainkan sesuatu yang direncanakan, diprogram dan diantisipasi. Hal ini disebabkan banyak faktor yang mendukung terciptanya sebuah keluarga yang bahagia. Diantaranya adanya saling cinta-menyintai, saling pengertian, komunikasi yang lancar, adanya visi yang jelas terhadap masa depan anak, dll. Maka dari itu sudah semestinya bagi setiap orang untuk membaca atau mendengarkan apa saja yang berkaitan dengan konsep-konsep membangun sebuah keluarga yang bahagia. Salah satunya membaca buku ini karena di dalamnya dipaparkan bagaimana membangun sebuah keluarga menjadi keluarga bahagia dengan berbagai perspektifnya. aJakarta Selatan :bAMP Press,c2016 2rdacontentateks 2rdamediaatanpa perantara 2rdacarrieravolume a51404.64224 a51405.64225